Generációmenedzsment és az Y generáció

Bibliographic Details
Main Author: Horváth Csenge
Other Authors: Csillag Dr. Sára
Malik Attila
Format: Thesis
Kulcsszavak:Y generáció
Generáció menedzsment
Digitalizáció
Online Access:http://dolgozattar.uni-bge.hu/22476

MARC

LEADER 00000nta a2200000 i 4500
001 dolg22476
005 20190528121435.0
008 190516suuuu hu om 000 hun d
040 |a BGE Dolgozattár Repozitórium  |b hun 
041 |a hu 
100 1 |a Horváth Csenge 
245 1 0 |a Generációmenedzsment és az Y generáció  |c Horváth Csenge  |h [elektronikus dokumentum] 
695 |a Y generáció 
695 |a Generáció menedzsment 
695 |a Digitalizáció 
700 1 |a Csillag Dr. Sára  |e ths 
700 1 |a Malik Attila  |e ths 
856 4 0 |u http://dolgozattar.uni-bge.hu/22476/1/Szakdolgozat_C3GPRH.pdf  |z Dokumentum-elérés 
856 4 0 |u http://dolgozattar.uni-bge.hu/22476/7/SPSZK-LIB-B19052811180.pdf  |z Dokumentum-elérés